LEADER 01024nam a2200265 i 4500 001 000000191616 003 CaOOAMICUS 005 20100812000000.0 008 100812s1974 it u000 u ita u 013 $a170186 040 $aSeMil$bita 240 10$aPoesia.$0(OLS)http://semarc/title/8399 245 10$aPablo Neruda. 260 $aTorino :$bUTET,$cstampa 1974. 300 $aXLVI, 872 p., [1] c. di ritr. ;$c18 cm. 490 0 $aScrittori del mondo: i Nobel 500 $aSul dorso : Premio Nobel 1971. 650 4$aNeruda, Pablo <1904-1973> - Opere.$0(OLS)http://semarc/subject/36089 700 1 $aNeruda, Pablo,$d<1904-1973>.$0(OLS)http://semarc/name/15270 830 0$aScrittori del mondo: i Nobel.$0(OLS)http://semarc/title/25869 850 $aSeMil 852 $aSeMil$W1$xVenegono$y1$m1W I 274$j142230$B142230$CSeMilBibl$Z2$F153749 $81 961 $aOmaggio: Sacchi don Luigi 996 $6245$aPablo Neruda$9(OLS)http://semarc/title/120215 996 $6260$aTorino :$bUTET$9(OLS)http://semarc/publisher/29621 LEADER 01199nam a2200277 i 4500 001 000000118995 003 CaOOAMICUS 005 20031014000000.0 008 031014s1985 it u000 u ita u 013 $a91688 020 $a88-311-5305-6 040 $aSeMil$bita 100 1 $aRavier, André,$c.$0(OLS)http://semarc/name/18373 240 10$aJeanne-Françoise Frémyor Baronne de Chantal.$0(OLS)http://semarc/title/174829 245 10$aGiovanna di Chantal :$bfascino femminile e santità /$cAndré Ravier. 260 $aRoma :$bCittà Nuova,$ccopyr. 1985. 300 $a164 p. ;$c20 cm. 500 $aContiene : Appendice. - Fondo Card. C.M. Martini. 600 14$aFrémiot de Chantal, Giovanna Francesca .$0(OLS)http://semarc/subject/2068 850 $aSeMil 852 $aSeMil$W1$xVenegono$y1$m3H I 109$j74240$B74240$CSeMilBibl$Z2$F90946 $81 941 1 $a4 961 $aOmaggio: Martini Card. Carlo Maria 996 $6020$a88-311-5305-6$9(OLS)http://semarc/number/103732 996 $6245$aGiovanna di Chantal :$bfascino femminile e santità$9(OLS)http://semarc/title/174828 996 $6260$aRoma :$bCittà Nuova$9(OLS)http://semarc/publisher/29609